| 000 | 00588nam a22001817a 4500 | ||
|---|---|---|---|
| 003 | OSt | ||
| 005 | 20260113090901.0 | ||
| 008 | 260113b |||||||| |||| 00| 0 eng d | ||
| 020 | _a 978-621-406-231-7 | ||
| 040 |
_aDWC-Main lib _cOC |
||
| 082 | _aFil. 005.133 P788f 2019 | ||
| 100 | _aPomperada, Jake R. | ||
| 245 |
_a Fundamentals of Python programming/ _cJake R. Pomperada |
||
| 260 |
_aManila : _b Mindshapers publishing , _c c2019. |
||
| 300 |
_axviii , 266 pages : _b illustrations ; _c255cm. |
||
| 650 | _a1. Python ( Computer program language) | ||
| 942 |
_2ddc _cBK - FIL _kFil. _n0 |
||
| 999 |
_c7354 _d7354 |
||